Central Library OPAC University of Rajshahi

গ্রেট গ্যাটসবি / (Record no. 48526)

MARC details
000 -LEADER
fixed length control field 00949nam a2200241 a 4500
001 - CONTROL NUMBER
control field 48526
003 - CONTROL NUMBER IDENTIFIER
rucl marc code BD-RjUL
005 - DATE AND TIME OF LATEST TRANSACTION
control field 20211209054535.0
008 - FIXED-LENGTH DATA ELEMENTS--GENERAL INFORMATION
fixed length control field 160814s1971 bg ||||| |||| 00| f ben d
020 ## - INTERNATIONAL STANDARD BOOK NUMBER
Terms of availability : Tk. 3.50
035 ## - SYSTEM CONTROL NUMBER
System control number (BD-RjUL) 48645
040 ## - CATALOGING SOURCE
Original cataloging agency BD-RjUL
Language of cataloging ben
Transcribing agency BD-RjUL
041 ## - LANGUAGE CODE
Language code of text/sound track or separate title ben
082 ## - DEWEY DECIMAL CLASSIFICATION NUMBER
Edition number 23
Classification number 813
Author mark and year FIG 1971
100 1# - MAIN ENTRY--PERSONAL NAME
Personal name ফিটপিরাল্ড, এফ. স্কট.
9 (RLIN) 146678
245 10 - TITLE STATEMENT
Title গ্রেট গ্যাটসবি /
Statement of responsibility, etc. এফ. স্কট. ফিটপিরাল্ড ; কবীর চৌধুরী, অনুবাদক
260 ## - PUBLICATION, DISTRIBUTION, ETC. (IMPRINT)
Place of publication, distribution, etc. ঢাকা :
Name of publisher, distributor, etc. ব্রাইট বুক হাউস,
Date of publication, distribution, etc. ১৯৭১
300 ## - PHYSICAL DESCRIPTION
Pagination [৫], ২০৫ পৃ. ;
Size ২১ সেমি.
650 ## - SUBJECT ADDED ENTRY--TOPICAL TERM
Topical term or geographic name as entry element আমেরিকান উপন্যাস
9 (RLIN) 146679
Topical term or geographic name as entry element American Fiction
9 (RLIN) 146680
700 ## - ADDED ENTRY--PERSONAL NAME
Personal name চৌধুরী, কবীর, অনুবাদক
942 ## - ADDED ENTRY ELEMENTS (KOHA)
Source of classification or shelving scheme Dewey Decimal Classification
Koha item type Books
Holdings
Lost status Source of classification or shelving scheme Damaged status Not for loan Collection code Permanent Location Current Location Shelving location Date acquired Source of acquisition Total Checkouts Full call number Date last seen Copy number Koha item type
  Dewey Decimal Classification     Fiction Central Library, University of Rajshahi Central Library, University of Rajshahi   06/12/1971 U.S.A   B 813 FIG 1971 14/08/2016 C-2 Books